LEADER 00795nam a2200205 i 4500 001 000000246465 003 CaOOAMICUS 005 20210830135220.0 008 151112n it u000 u ita u 013 $a225370 040 $aSeMil$bita 245 10$aBeato Francesco Paleari :$btestimone della carità di Cristo. 260 $a[S.l. :$bs.n.],$c[20-?] 300 $a1 DVD video. 650 4$aPaleari, Francesco .$0(OLS)http://semarc/subject/22207 850 $aSeMil 852 $aSeMil$W1$xVenegono$y1$mMM A 66$j224478$B235554$CSeMilBibl$Z2$F235554 $8I 996 $6245$aBeato Francesco Paleari :$btestimone della carità di Cristo$9(OLS)http://semarc/title/348256 996 $6260$a[S.l. :$bs.n.]$9(OLS)http://semarc/publisher/29751